Applied health research manual : anthropology of health and health care /

Λεπτομέρειες βιβλιογραφικής εγγραφής
Συγγραφή απο Οργανισμό/Αρχή: Mahāwitthayālai Mahidon. Center for Health Policy Studies
Άλλοι συγγραφείς: Hardon, Anita, Boonmongkon, Pimpawun, Streefland, Pieter, Tan, Michael Lim, Hongvivatana, Thavitong, Geest, Sjaak Van Der, Varkevisser, Corlien, Acuin, Cecilia, Chowdhury, A. M. Raza, Bhuiya, Abbas, Sringeryuang, Luechai, Dongen, Els Van, Gerrits, Trudie
Μορφή: Βιβλίο
Γλώσσα:English
Έκδοση: Amsterdam : Spinhuis, c2001.
Έκδοση:Third revised edition.
Θέματα:
Classic Catalogue: View this record in Classic Catalogue
LEADER 08085nam a2200817 a 4500
001 00024928
003 BD-DhAAL
008 120409s2001 th a b 000 0 eng
020 |a 9055891916 
020 |a 9789055891917 
040 |a BD-DhAAL  |c BD-DhAAL 
082 0 0 |a 306.461  |2 21 
245 0 0 |a Applied health research manual :  |b anthropology of health and health care /  |c Anita Hardon ... [et. al.]. 
246 3 0 |a Anthropology of health and health care 
250 |a Third revised edition. 
260 |a Amsterdam :  |b Spinhuis,  |c c2001. 
300 |a xi, 387 pages :  |b illustrations ;  |c 23 cm 
500 |a "Revised ed., 2001"--Cover. 
500 |a "This manual has been prepared for the International Course in Anthropology of Health and Health Care, a joint initiative of Mahidol University, Center for Health Studies, Thailand ; University of the Philippines, National Institute of Health, the Philippines ; Royal Tropical Institute, Amsterdam, the Netherlands ; University of Amsterdam, Medical Anthropology Unit, the Netherlands ; BRAC, Bangladesh ; ICDRR, B, Centre for Health and Population Research, Bangladesh." 
500 |a "This manual contains the training modules of the International Course in Anthropology of Health and Health Care which has been held in Bangkok, The Philippines and Bangladesh. ... Modules 21 to 43 (except Modules 23, 27, 33 and 40) have been adapted from Designing and Conducting Health Systems Research Projects, Health Systems Research Training Series, Volume 2, a document published jointly by the Health Sciences Division of the International Development Research Centre (IDRC) and the Programme on Health Systems Research and Development of the World Health Organization (WHO) in 1991"--Pref. 
504 |a Includes bibliographical references. 
541 |a Complimentary copy from Dr. Ahmed Mushtaque Raza Chowdhury (Former Vice Chairperson of BRAC)  |e 00024928, 44401, 44402 
650 0 |a Medical anthropology  |x Research.  |9 2029 
650 0 |a Medical anthropology  |v Handbooks, manuals, etc.  |9 58168 
700 1 |a Hardon, Anita. 
700 1 |a Boonmongkon, Pimpawun.  |9 41581 
700 1 |a Streefland, Pieter.  |9 6530 
700 1 |a Tan, Michael Lim.  |9 58171 
700 1 |a Hongvivatana, Thavitong.  |9 58172 
700 1 |a Geest, Sjaak Van Der.  |9 16996 
700 1 |a Varkevisser, Corlien.  |9 58173 
700 1 |a Acuin, Cecilia.  |9 58174 
700 1 |a Chowdhury, A. M. Raza. 
700 1 |a Bhuiya, Abbas. 
700 1 |a Sringeryuang, Luechai.  |9 58175 
700 1 |a Dongen, Els Van.  |9 58176 
700 1 |a Gerrits, Trudie.  |9 58177 
710 2 |a Mahāwitthayālai Mahidon.   |b Center for Health Policy Studies.  |9 58169 
730 0 |a International course in anthropology of health and health care.  |9 58170 
852 1 |a Ayesha Abed Library  |c General Stacks 
942 |2 ddc  |c BK 
999 |c 12074  |d 12074 
952 |0 0  |1 0  |2 ddc  |4 0  |6 306_461000000000000_APP  |7 0  |9 19946  |a JPGSPH  |b JPGSPH  |c GEN  |d 2012-04-10  |l 0  |o 306.461 APP  |p 3060024928  |r 2012-04-10  |t 1  |w 2012-04-10  |y BK 
952 |0 0  |1 0  |2 ddc  |4 0  |6 306_461000000000000_APP  |7 0  |9 19947  |a JPGSPH  |b JPGSPH  |c GEN  |d 2012-04-10  |l 0  |o 306.461 APP  |p 3060024929  |r 2012-04-10  |t 2  |w 2012-04-10  |y BK 
952 |0 0  |1 0  |2 ddc  |4 0  |6 306_461000000000000_APP  |7 0  |9 19948  |a JPGSPH  |b JPGSPH  |c GEN  |d 2012-04-10  |l 0  |o 306.461 APP  |p 3060024930  |r 2012-04-10  |t 3  |w 2012-04-10  |y BK 
952 |0 0  |1 0  |2 ddc  |4 0  |6 306_461000000000000_APP  |7 0  |9 19949  |a JPGSPH  |b JPGSPH  |c GEN  |d 2012-04-10  |l 0  |o 306.461 APP  |p 3060024931  |r 2012-04-10  |t 4  |w 2012-04-10  |y BK 
952 |0 0  |1 0  |2 ddc  |4 0  |6 306_461000000000000_APP  |7 0  |9 19950  |a JPGSPH  |b JPGSPH  |c GEN  |d 2012-04-10  |l 0  |o 306.461 APP  |p 3060024932  |r 2012-04-10  |t 5  |w 2012-04-10  |y BK 
952 |0 0  |1 0  |2 ddc  |4 0  |6 306_461000000000000_APP  |7 0  |9 19951  |a JPGSPH  |b JPGSPH  |c GEN  |d 2012-04-10  |l 0  |o 306.461 APP  |p 3060024933  |r 2012-04-10  |t 6  |w 2012-04-10  |y BK 
952 |0 0  |1 0  |2 ddc  |4 0  |6 306_461000000000000_APP  |7 0  |9 19952  |a JPGSPH  |b JPGSPH  |c GEN  |d 2012-04-10  |l 0  |o 306.461 APP  |p 3060024934  |r 2012-04-10  |t 7  |w 2012-04-10  |y BK 
952 |0 0  |1 0  |2 ddc  |4 0  |6 306_461000000000000_APP  |7 0  |9 19953  |a JPGSPH  |b JPGSPH  |c GEN  |d 2012-04-10  |l 0  |o 306.461 APP  |p 3060024935  |r 2012-04-10  |t 8  |w 2012-04-10  |y BK 
952 |0 0  |1 0  |2 ddc  |4 0  |6 306_461000000000000_APP  |7 0  |9 19954  |a JPGSPH  |b JPGSPH  |c GEN  |d 2012-04-10  |l 0  |o 306.461 APP  |p 3060024936  |r 2012-04-10  |t 9  |w 2012-04-10  |y BK 
952 |0 0  |1 0  |2 ddc  |4 0  |6 306_461000000000000_APP  |7 0  |9 19955  |a JPGSPH  |b JPGSPH  |c GEN  |d 2012-04-10  |l 0  |o 306.461 APP  |p 3060024937  |r 2012-04-10  |t 10  |w 2012-04-10  |y BK 
952 |0 0  |1 0  |2 ddc  |4 0  |6 306_461000000000000_APP  |7 0  |9 19956  |a JPGSPH  |b JPGSPH  |c GEN  |d 2012-04-10  |l 0  |o 306.461 APP  |p 3060024938  |r 2012-04-10  |t 11  |w 2012-04-10  |y BK 
952 |0 0  |1 0  |2 ddc  |4 0  |6 306_461000000000000_APP  |7 0  |9 19957  |a JPGSPH  |b JPGSPH  |c GEN  |d 2012-04-10  |l 0  |o 306.461 APP  |p 3060024939  |r 2012-04-10  |t 12  |w 2012-04-10  |y BK 
952 |0 0  |1 0  |2 ddc  |4 0  |6 306_461000000000000_APP  |7 0  |9 19958  |a JPGSPH  |b JPGSPH  |c GEN  |d 2012-04-10  |l 0  |o 306.461 APP  |p 3060024940  |r 2012-04-10  |t 13  |w 2012-04-10  |y BK 
952 |0 0  |1 0  |2 ddc  |4 0  |6 306_461000000000000_APP  |7 0  |9 19959  |a JPGSPH  |b JPGSPH  |c GEN  |d 2012-04-10  |l 0  |o 306.461 APP  |p 3060024941  |r 2012-04-10  |t 14  |w 2012-04-10  |y BK 
952 |0 0  |1 0  |2 ddc  |4 0  |6 306_461000000000000_APP  |7 0  |9 19960  |a JPGSPH  |b JPGSPH  |c GEN  |d 2012-04-10  |l 0  |o 306.461 APP  |p 3060024942  |r 2012-04-10  |t 15  |w 2012-04-10  |y BK 
952 |0 0  |1 0  |2 ddc  |4 0  |6 306_461000000000000_APP  |7 0  |9 19961  |a JPGSPH  |b JPGSPH  |c GEN  |d 2012-04-10  |l 0  |o 306.461 APP  |p 3060024943  |r 2012-04-10  |t 16  |w 2012-04-10  |y BK 
952 |0 0  |1 0  |2 ddc  |4 0  |6 306_461000000000000_APP  |7 0  |9 19962  |a JPGSPH  |b JPGSPH  |c GEN  |d 2012-04-10  |l 0  |o 306.461 APP  |p 3060024944  |r 2012-04-10  |t 17  |w 2012-04-10  |y BK 
952 |0 0  |1 0  |2 ddc  |4 0  |6 306_461000000000000_APP  |7 0  |9 19963  |a JPGSPH  |b JPGSPH  |c GEN  |d 2012-04-10  |l 0  |o 306.461 APP  |p 3060024945  |r 2012-04-10  |t 18  |w 2012-04-10  |y BK 
952 |0 0  |1 0  |2 ddc  |4 0  |6 306_461000000000000_APP  |7 0  |9 19964  |a JPGSPH  |b JPGSPH  |c GEN  |d 2012-04-10  |l 0  |o 306.461 APP  |p 3060024946  |r 2012-04-10  |t 19  |w 2012-04-10  |y BK 
952 |0 0  |1 0  |2 ddc  |4 0  |6 306_461000000000000_APP  |7 0  |9 19965  |a JPGSPH  |b JPGSPH  |c GEN  |d 2012-04-10  |l 0  |o 306.461 APP  |p 3060024947  |r 2012-04-10  |t 20  |w 2012-04-10  |y BK 
952 |0 0  |1 0  |2 ddc  |4 0  |6 306_461000000000000_APP  |7 0  |9 19966  |a JPGSPH  |b JPGSPH  |c GEN  |d 2012-04-10  |l 0  |o 306.461 APP  |p 3060024948  |r 2012-04-10  |t 21  |w 2012-04-10  |y BK 
952 |0 0  |1 0  |2 ddc  |4 0  |6 306_461000000000000_APP  |7 0  |9 19967  |a JPGSPH  |b JPGSPH  |c GEN  |d 2012-04-10  |l 0  |o 306.461 APP  |p 3060024949  |r 2012-04-10  |t 22  |w 2012-04-10  |y BK 
952 |0 0  |1 0  |2 ddc  |4 0  |6 306_461000000000000_APP  |7 0  |9 19982  |a JPGSPH  |b JPGSPH  |c GEN  |d 2012-04-10  |l 0  |o 306.461 APP  |p 3060024950  |r 2012-04-11  |t 23  |w 2012-04-11  |y BK 
952 |0 0  |1 0  |2 ddc  |4 0  |6 306_461000000000000_APP  |7 0  |9 19983  |a JPGSPH  |b JPGSPH  |c GEN  |d 2012-04-10  |l 0  |o 306.461 APP  |p 3060024951  |r 2012-04-11  |t 24  |w 2012-04-11  |y BK 
952 |0 0  |1 0  |2 ddc  |4 0  |6 306_461000000000000_APP  |7 0  |9 19984  |a JPGSPH  |b JPGSPH  |c GEN  |d 2012-04-10  |l 0  |o 306.461 APP  |p 3060024952  |r 2012-04-11  |t 25  |w 2012-04-11  |y BK 
952 |0 0  |1 0  |2 ddc  |4 0  |6 306_461000000000000_APP  |7 0  |9 20052  |a BRACUL  |b BRACUL  |c GEN  |d 2012-04-18  |l 1  |o 306.461 APP  |p 3010011527  |r 2019-03-11  |s 2018-11-07  |t 26  |w 2012-04-18  |y BK 
952 |0 0  |1 0  |2 ddc  |4 0  |6 306_461000000000000_APP  |7 0  |9 20053  |a BRACUL  |b BRACUL  |c GEN  |d 2012-04-18  |l 2  |m 22  |o 306.461 APP  |p 3010011528  |q 2026-06-02  |r 2026-02-03  |s 2026-02-03  |t 27  |w 2012-04-18  |y BK 
952 |0 0  |1 0  |2 ddc  |4 0  |6 306_461000000000000_APP  |7 1  |9 77654  |a BRACUL  |b BRACUL  |c AMRC  |d 2025-04-24  |e Complimentary copy from Dr. Ahmed Mushtaque Raza Chowdhury (Former Vice Chairperson of BRAC)  |l 0  |o 306.461 APP  |p 3010044401  |r 2025-04-24  |t 28  |w 2025-04-24  |y BK  |x Complimentary copy received from Dr. Ahmed Mushtaque Raza Chowdhury (Former Vice Chairperson of BRAC) on 17 April 2025 ; The university librarian instructed to process the photocopy of the book because the author is the copyright recipient. 
952 |0 0  |1 0  |2 ddc  |4 0  |6 306_461000000000000_APP  |7 1  |9 77655  |a BRACUL  |b BRACUL  |c AMRC  |d 2025-04-24  |e Complimentary copy from Dr. Ahmed Mushtaque Raza Chowdhury (Former Vice Chairperson of BRAC)  |l 0  |o 306.461 APP  |p 3010044402  |r 2025-04-24  |t 29  |w 2025-04-24  |y BK  |x Complimentary copy received from Dr. Ahmed Mushtaque Raza Chowdhury (Former Vice Chairperson of BRAC) on 17 April 2025 ; The university librarian instructed to process the photocopy of the book because the author is the copyright recipient ;